|
|
|
|
| LEADER |
00000nam0a2200000 4500 |
| 001 |
267075 |
| 005 |
20231101234044.0 |
| 020 |
|
|
|a RU
|b 86-88710э
|
| 035 |
|
|
|a (RuTPU)RU\TPU\book\290097
|
| 090 |
|
|
|a 267075
|
| 100 |
|
|
|a 20140721d1986 k y0rusy5003 ca
|
| 101 |
0 |
|
|a rus
|
| 102 |
|
|
|a RU
|
| 105 |
|
|
|a a z 000zy
|
| 200 |
1 |
|
|a Путешествие в страну Белого Сфинкса
|e [О кругосветной антарктической экспедиции судов "Адмирал Владимирский" и "Фаддей Беллинсгаузен" в 1982-1983 гг.]
|f В. Ф. Мясников
|
| 210 |
|
|
|a Симферополь
|c Таврия
|d 1986
|
| 215 |
|
|
|a 205 с.
|c ил.
|
| 606 |
1 |
|
|a Антарктические экспедиции
|x География
|2 stltpush
|3 (RuTPU)RU\TPU\subj\29127
|9 52525
|
| 610 |
1 |
|
|a антарктические экспедиции советские
|
| 610 |
1 |
|
|a морские путешествия кругосветные советские
|
| 610 |
1 |
|
|a Антарктика
|
| 610 |
1 |
|
|a 20 век
|
| 610 |
1 |
|
|a история
|
| 610 |
1 |
|
|a кругосветные плавания
|
| 675 |
|
|
|a 91(99)
|z rus
|v 3
|
| 700 |
|
1 |
|a Мясников
|b В. Ф.
|g Валерий Федорович
|4 070
|
| 801 |
|
0 |
|a RU
|b RuMRKP
|c 19950417
|g psbo
|
| 801 |
|
1 |
|a RU
|b 63413507
|c 20140721
|
| 801 |
|
2 |
|a RU
|b 63413507
|c 20151026
|g RCR
|
| 942 |
|
|
|c BK
|